|
|
|
|
| LEADER |
01072nam a2200385 4500 |
| 001 |
DLU050048285 |
| 005 |
##20050824 |
| 008 |
##710128s1963 ii b 000 0 eng |
| 010 |
# |
# |
|a 77921790
|
| 035 |
# |
# |
|9 (DLC) 77921790
|
| 040 |
# |
# |
|a DLC
|c DLC
|d DLC
|
| 050 |
# |
# |
|a QA345
|b .S54
|
| 082 |
# |
# |
|a 512.943
|b SI-C
|
| 100 |
# |
# |
|a Siegel, Carl Ludwig,
|d 1896-
|
| 245 |
# |
# |
|a Lectures on Riemann matrices /
|c Carl Ludwig Siegel
|
| 260 |
# |
# |
|a Bombay :
|b Tata Institute of Fundamental Research,
|c 1963
|
| 300 |
# |
# |
|a 127, ii l. ;
|c 28 cm
|
| 350 |
# |
# |
|a Rs5.00
|
| 500 |
# |
# |
|a On spine: On Riemann matrices
|
| 504 |
# |
# |
|a Bibliography: leaves 124-126
|
| 650 |
# |
# |
|a Functions, Abelian
|
| 650 |
# |
# |
|a Matrices.
|
| 700 |
# |
# |
|a Rangachari, S. S.
|
| 740 |
# |
# |
|a On Riemann matrices
|
| 830 |
# |
# |
|a Lectures on mathematics and physics. Mathematics,
|v 28
|
| 923 |
# |
# |
|a 20/2005
|
| 992 |
# |
# |
|a 2.500
|
| 994 |
# |
# |
|a DLU
|
| 900 |
# |
# |
|a True
|
| 911 |
# |
# |
|a Đào Thị Thu Huyền
|
| 925 |
# |
# |
|a G
|
| 926 |
# |
# |
|a A
|
| 927 |
# |
# |
|a SH
|
| 980 |
# |
# |
|a Thư viện Trường Đại học Đà Lạt
|